Профессиональный иностранный язык (английский). Часть 1 (38.03.01, 38.03.02) / ДО 2017: электронный курс

Podrobná bibliografie
Hlavní autor: Чайка Ю. А. Юлия Александровна
Korporativní autor: Национальный исследовательский Томский политехнический университет Школа базовой инженерной подготовки Отделение иностранных языков
Shrnutí:Заглавие с экрана
Курс "Профессиональный иностранный язык (английский). Часть 1» представляет собой целый комплекс различных аутентичных текстовых и грамматических материалов по английскому языку, разбитых на 2 основные темы "Production" и "Competition", что позволяет совершенствовать навыки устной и письменной речи. Основной целью курса является совершенствование иноязычной коммуникативной компетенции студентов, необходимой для осуществления профессиональной деятельности и позволяющей им использовать иностранный язык в профессиональной сфере.
Доступ по логину и паролю
Jazyk:ruština
Vydáno: Томск, TPU Moodle, 2019
Témata:
On-line přístup:https://design.lms.tpu.ru/course/view.php?id=3355
Médium: MixedMaterials Elektronický zdroj Kniha
KOHA link:https://koha.lib.tpu.ru/cgi-bin/koha/opac-detail.pl?biblionumber=667466

MARC

LEADER 00000n m0a2200000 4500
001 667466
005 20251224134428.0
035 |a (RuTPU)RU\TPU\network\38671 
035 |a RU\TPU\network\26366 
090 |a 667466 
100 |a 20220328d2019 m y0rusy50 ca 
101 0 |a rus 
102 |a RU 
105 |a a j 000zy 
135 |a jrcn ---uucaa 
181 0 |a i  
182 0 |a b 
200 1 |a Профессиональный иностранный язык (английский). Часть 1 (38.03.01, 38.03.02) / ДО 2017  |e электронный курс  |f Ю. А. Чайка  |g Национальный исследовательский Томский политехнический университет, Школа базовой инженерной подготовки, Отделение иностранных языков 
203 |a Текст  |c электронный 
210 |a Томск  |c TPU Moodle  |d 2019 
300 |a Заглавие с экрана 
330 |a Курс "Профессиональный иностранный язык (английский). Часть 1» представляет собой целый комплекс различных аутентичных текстовых и грамматических материалов по английскому языку, разбитых на 2 основные темы "Production" и "Competition", что позволяет совершенствовать навыки устной и письменной речи. Основной целью курса является совершенствование иноязычной коммуникативной компетенции студентов, необходимой для осуществления профессиональной деятельности и позволяющей им использовать иностранный язык в профессиональной сфере. 
333 |a Доступ по логину и паролю 
606 1 |a Английский язык  |x Учебные руководства и пособия  |x Учебные руководства и пособия для высшей школы  |2 stltpush  |3 (RuTPU)RU\TPU\subj\29071  |9 52483 
610 1 |a электронный ресурс 
610 1 |a труды учёных ТПУ 
610 1 |a электронные учебные пособия 
610 1 |a учебные пособия 
610 1 |a Moodle 
610 1 |a e-learning 
610 1 |a иноязычные коммуникации 
610 1 |a коммуникативные компетенции 
610 1 |a иностранный язык 
610 1 |a профессиональная среда 
610 1 |a аутентичные материалы 
610 1 |a текстовые материалы 
610 1 |a грамматические навыки 
610 1 |a устная речь 
610 1 |a письменная речь 
610 1 |a словарный запас 
610 1 |a грамматическое строение 
610 1 |a переводы 
610 1 |a экономика 
610 1 |a экономисты 
610 1 |a коммерческие организации 
686 |a Ш143.21-923  |2 rubbk 
700 1 |a Чайка  |b Ю. А.  |c старший преподаватель Томского политехнического университета  |c лингвист  |f 1980-  |g Юлия Александровна  |y Томск  |3 (RuTPU)RU\TPU\pers\30949  |9 15187 
712 0 2 |a Национальный исследовательский Томский политехнический университет  |b Школа базовой инженерной подготовки  |b Отделение иностранных языков  |3 (RuTPU)RU\TPU\col\23510 
801 2 |a RU  |b 63413507  |c 20220328  |g RCR 
856 4 |u https://design.lms.tpu.ru/course/view.php?id=3355 
942 |c CF